Адсорбция, адсорбенты и адсорбционные процессы в нанопористых материалах

Dades bibliogràfiques
Autor corporatiu: Российская академия наук (РАН) Институт физической химии и электрохимии им. А. Н. Фрумкина (ИФХЭ)
Altres autors: Цивадзе А. Ю. (редактор)
Sumari:Коллективная монография, изданная в связи со 110-летием со дня рождения выдающегося физико-химика, ученого с мировым именем академика Михаила Михайловича Дубинина, написана его учениками и коллегами. В ней изложены основные идеи и концепции, предложенные и сформулированные М.М. Дубининым, и их развитие в последние годы, а также новые теоретические и экспериментальные результаты, полученные в области физической химии поверхностных явлений и структуры нанопористых материалов. Тексты статей представлены в авторской редакции. Для широкого круга читателей: химиков, физиков, инженеров, работающих в области изучение и применения адсорбционных явлений, синтеза и изучения структуры пористых тел.
Idioma:rus
Publicat: Москва, Граница, 2011
Matèries:
Format: MixedMaterials Llibre
KOHA link:https://koha.lib.tpu.ru/cgi-bin/koha/opac-detail.pl?biblionumber=217380

MARC

LEADER 00000nam0a2200000 4500
001 217380
005 20231101230119.0
010 |a 9785946914604 
035 |a (RuTPU)RU\TPU\book\237374 
090 |a 217380 
100 |a 20120605d2011 k y0rusy50 ca 
101 0 |a rus 
102 |a RU 
105 |a a z 001zy 
200 1 |a Адсорбция, адсорбенты и адсорбционные процессы в нанопористых материалах  |f Российская академия наук (РАН), Институт физической химии и электрохимии им. А. Н. Фрумкина (ИФХЭ) ; под ред. А. Ю. Цивадзе 
210 |a Москва  |c Граница  |d 2011 
215 |a 496 с.  |c ил. 
320 |a Библиогр. в конце ст. 
330 |a Коллективная монография, изданная в связи со 110-летием со дня рождения выдающегося физико-химика, ученого с мировым именем академика Михаила Михайловича Дубинина, написана его учениками и коллегами. В ней изложены основные идеи и концепции, предложенные и сформулированные М.М. Дубининым, и их развитие в последние годы, а также новые теоретические и экспериментальные результаты, полученные в области физической химии поверхностных явлений и структуры нанопористых материалов. Тексты статей представлены в авторской редакции. Для широкого круга читателей: химиков, физиков, инженеров, работающих в области изучение и применения адсорбционных явлений, синтеза и изучения структуры пористых тел. 
606 1 |a Адсорбция  |2 stltpush  |3 (RuTPU)RU\TPU\subj\1555  |9 30322 
606 1 |a Адсорбенты  |x (химия)  |2 stltpush  |3 (RuTPU)RU\TPU\subj\1553  |9 30320 
610 1 |a адсорбционные процессы 
610 1 |a нанопористые материалы 
610 1 |a пористые сорбенты 
610 1 |a сорбострикция 
610 1 |a адсорбционные адсорбенты 
610 1 |a непористые гидрофобные адсорбенты 
610 1 |a самодиффузия 
610 1 |a полифункциональные сорбенты 
610 1 |a активный уголь 
610 1 |a углеродные адсорбенты 
610 1 |a наноструктурированный углерод 
610 1 |a биосфера 
610 1 |a защита 
675 |a 544.723  |v 3 
702 1 |a Цивадзе  |b А. Ю.  |4 340 
712 0 2 |a Российская академия наук (РАН)  |b Институт физической химии и электрохимии им. А. Н. Фрумкина (ИФХЭ)  |c (Москва)  |2 stltpush  |3 (RuTPU)RU\TPU\col\11575 
801 1 |a RU  |b 63413507  |c 20120605 
801 2 |a RU  |b 63413507  |c 20150409  |g RCR 
942 |c BK